000 00872nam a2200241Ii 4500
003 JO-AjNU
008 230605s9999||||xx |||||||||||||| ||und||
017 _a1993/2247
020 _a997-5344-79-4
040 _aJO-AjNU
_bara
_erda
_cJO-AjNU
041 _aara
050 1 4 _aPJ7848.A76.A17 1993
100 3 _aشمس الدين، محمد علي ,
_eauthor
_99058
245 0 0 _aالأعمال الكاملة للشاعر محمد علي شمس الدين
250 _aط1
264 3 1 _aالكويت: دار سعاد الصباح، 1993
300 _a677ص
336 _atext
_btxt
_2rdacontent
337 _aunmediated
_bn
_2rdamedia
338 _avolume
_bnc
_2rdacarrier
490 0 _aديوان الشعر العربي المعاصر
650 4 _aالشعر العربي - شعر حديث - الاعمال الكاملة لمحمد علي شمس الدين
_99059
999 _aA1105
_c4673
_d4673